Normal view
MARC view
- Nature
Entry Topical Term
001 - CONTROL NUMBER
- control field: 104992
003 - CONTROL NUMBER IDENTIFIER
- control field: NUST
005 - DATE AND TIME OF LATEST TRANSACTION
- control field: 20221215142540.0
008 - FIXED-LENGTH DATA ELEMENTS
- fixed length control field: 221215|| aca||aabn | a|a d
040 ## - CATALOGING SOURCE
- Original cataloging agency: NUST
- Transcribing agency: NUST
150 ## - HEADING--TOPICAL TERM
- Topical term or geographic name entry element: Nature
- General subdivision: Effect of human beings on
- General subdivision: Juvenile literature
670 ## - SOURCE DATA FOUND
- Source citation: Work cat.: (NUST)184777: Brown, Robert, 100149, The changing face of earth /, 1990.
